US Government Agencies - Sudden Death - Statistics

General Stats
  • This quiz has been taken 49 times
    47 since last reset
  • The average score is 7 of 15
Answers on the Grid
Answers color-coded by a green-red scale on the quiz's grid according to % correct below.
Animal Welfare Agency
Central Intelligence Agency
Drug Enforcement Agency
Environmental Protection Agency
Federal Aviation Administration
Federal Bureau of Criminal Corrections
Federal Bureau of Investigation
Federal Communications Commission
Federal Computations Commission
Federal Depository Insurance Commission
Federal Elections Commission
Federal Trade Commission
Food and Drug Administration
Health and Fitness Commission
Higher Education Administration
Internal Revenue Service
International Tourism Board
Maritime Transportation Administration
National Healthcare Access Administration
National Security Agency
National Transportation Safety Board
Securities and Exchange Commission
Social Security Administration
Stocks and Bonds Administration
United Parcel Service
Veterans Healthcare Agency
 
Answer Stats
Answer % Correct
Central Intelligence Agency
81%
Drug Enforcement Agency
78%
Federal Aviation Administration
78%
Federal Bureau of Investigation
78%
Environmental Protection Agency
69%
Food and Drug Administration
59%
Federal Communications Commission
44%
Internal Revenue Service
38%
National Security Agency
38%
Social Security Administration
38%
Federal Trade Commission
34%
National Transportation Safety Board
28%
Securities and Exchange Commission
28%
Federal Elections Commission
25%
Federal Depository Insurance Commission
22%
No matching quizzes found
Score Distribution
Percent of People with Each Score
Percentile by Number Answered
Your Score History
You have not taken this quiz since the last reset